Macroeconomics: Principles and practice (Record no. 5766)

MARC details
005 - DATE AND TIME OF LATEST TRANSACTION
control field 20250627165456.0
020 ## - INTERNATIONAL STANDARD BOOK NUMBER
International Standard Book Number 9781450569781
082 ## - DEWEY DECIMAL CLASSIFICATION NUMBER
Classification number 339 SPI
100 ## - MAIN ENTRY--PERSONAL NAME
Author name SPIGELMAN, D.
245 ## - TITLE STATEMENT
Title Macroeconomics: Principles and practice
260 ## - PUBLICATION, DISTRIBUTION, ETC.
Place of publication, distribution, etc. New York,
Date of publication, distribution, etc. 2001.
300 ## - PHYSICAL DESCRIPTION
Extent 14p.; ill.; figure, table
Dimensions 24cm
942 ## - ADDED ENTRY ELEMENTS (KOHA)
Source of classification or shelving scheme Dewey Decimal Classification
Koha item type Books
Holdings
Date last seen Total checkouts Full call number Barcode Cost, replacement price Price effective from Koha item type Lost status Source of classification or shelving scheme Damaged status Not for loan Withdrawn status Home library Current library Shelving location Date acquired Cost, normal purchase price
06/27/2025   339 SPI DOM0003183 30000.00 06/27/2025 Books   Dewey Decimal Classification       CBE Dodoma CBE Dodoma General Collection 06/09/2017 10000.00
06/28/2025   339SPI DOM0003482 30000.00 06/28/2025 Books   Dewey Decimal Classification       CBE Dodoma CBE Dodoma General Collection 06/09/2017 10000.00